000 00953nac a22002897a 4500
001 BR7906614
003 BR-BrBNA
005 20240105114522.0
008 230509b bl.|||m| |||| 00| 0 por d
040 _aBR-BrBNA
_bpor
_cBiblioteca Nacional de Agricultura
072 _aF00
090 _a1930 BR7906614
100 1 _aSilva, U.R. da
100 1 _aRodrigues, F. de M.
100 1 _aSilva, V.G. da
110 1 _aEmpresa de Pesquisa Agropecuaria da Bahia, Salvador (Brasil)
_94095
245 1 _aEfeito da idade da planta sobre a producao de feno do capim buffel (cenchrus ciliaris L.)
260 3 _aSalvador, BA (Brasil):
_c1979.
300 _a9 p.
490 _aComunicado Tecnico - Empresa de Pesquisa Agropecuaria da Bahia (Brazil)
_vno. 33
_xISSN 0100-4816
500 _a11 ref.
650 _aProducao vegetal
650 _aCapim buffel
650 _aFeno
909 _a202312
_bLúcia Elande
_c55
_dLúcia Elande
942 _2AGRIS
_n0
_cMS
999 _c269807
_d269807